The secret epidemic (Record no. 118382)

MARC details
000 -LEADER
fixed length control field 01096cam a2200241 4500
001 - CONTROL NUMBER
control field ABS68435
008 - FIXED-LENGTH DATA ELEMENTS--GENERAL INFORMATION
fixed length control field 041125n2004 000 0 eng u
035 ## - SYSTEM CONTROL NUMBER
System control number (Sirsi) u128156
100 ## - MAIN ENTRY--PERSONAL NAME
Personal name Pearson, A.
245 #4 - TITLE STATEMENT
Title The secret epidemic
260 ## - PUBLICATION, DISTRIBUTION, ETC.
Date of publication, distribution, etc. 2004
490 ## - SERIES STATEMENT
Series statement Building
Volume/sequential designation 269(8358) 19 November 2004, 36-42(6)
520 ## - SUMMARY, ETC.
Summary, etc. Gives details of health and safety activities on building sites in the context of the latest HSE project to improve the death and injury rate on construction sites. This pilot project is starting by targeting smaller firms but could be scaled up to cover all construction businesses. Includes tips on dealing with postaccident trauma with advice such as every organisation having a clear set of policies and procedures to safeguard the physical and psychological wellbeing of the workforce.
590 ## - LOCAL NOTE (RLIN)
Local note ABS
590 ## - LOCAL NOTE (RLIN)
Local note ABS
650 ## - SUBJECT ADDED ENTRY--TOPICAL TERM
Topical term or geographic name entry element CONSTRUCTION SITES
650 ## - SUBJECT ADDED ENTRY--TOPICAL TERM
Topical term or geographic name entry element CONSTRUCTION SAFETY
650 ## - SUBJECT ADDED ENTRY--TOPICAL TERM
Topical term or geographic name entry element HEALTH AND SAFETY EXECUTIVE
650 ## - SUBJECT ADDED ENTRY--TOPICAL TERM
Topical term or geographic name entry element HSE PROJECT
650 ## - SUBJECT ADDED ENTRY--TOPICAL TERM
Topical term or geographic name entry element POST ACCIDENT TRAUMA
690 ## - LOCAL SUBJECT ADDED ENTRY--TOPICAL TERM (OCLC, RLIN)
Topical term or geographic name as entry element HEALTH AND SAFETY
9 (RLIN) 6244
942 ## - ADDED ENTRY ELEMENTS (KOHA)
Suppress in OPAC 0
Holdings
Withdrawn status Lost status Source of classification or shelving scheme Damaged status Not for loan Home library Current library Shelving location Date acquired Total Checkouts Full call number Barcode Date last seen Copy number Price effective from Koha item type
    Dewey Decimal Classification     London London Journal article 25/11/2004   ABS68435 128156-1001 06/08/2019 1 06/08/2019 Journal article